| 000 | 00445nam a2200145 4500 | ||
|---|---|---|---|
| 008 | 040223s1906 000 0 eng | ||
| 090 |
_aBT301 _bSa5o |
||
| 100 | 1 | _aSanday, William. | |
| 245 | 1 | 0 | _aOutlines of the life of Christ. |
| 250 | _a2d ed. | ||
| 260 |
_aEdinburgh : _bT & T Clark, c1906. |
||
| 300 | _a273 p. : ills., map. | ||
| 600 | 1 | 4 |
_aJesus Christ _xBiography. |
| 951 |
_p4704 _x00005075 _oBT301/Sa5o _j070613111342078 _d2000-12-21 _cGC |
||
| 999 |
_c19216 _d19216 |
||